In memoriam. (Emmer Kornél, Katona Lajos.) Elnöki megnyitó beszéd.
Elmentve itt :
| Szerző: | |
|---|---|
| Adatforrás: | Philobibl |
| Forrásdokumentuma: | Magyar Filozófiai Társaság Közleményei 1910. évf., 270-276.p. p. |
| Dokumentumtípus: | Cikk |
| Nyelv: | magyar |
| LEADER | 00363nab a2200097 c 4500 | ||
|---|---|---|---|
| 001 | bibDOK00024150 | ||
| 005 | 20200924121831.8 | ||
| 008 | 060518s1910 hu hun | ||
| 100 | 1 | |a Medveczky Frigyes | |
| 245 | 1 | 0 | |a In memoriam. (Emmer Kornél, Katona Lajos.) Elnöki megnyitó beszéd. |c Medveczky Frigyes |
| 773 | 0 | |t Magyar Filozófiai Társaság Közleményei |g 1910. évf., 270-276.p. p. | |